[Event "III Festival Terre degli Elimi A"]
[Site "Erice ITA"]
[Date "2012.07.25"]
[Round "1"]
[White "Batsiashvili, Nino"]
[Black "Marzaduri, Marco R."]
[WhiteElo "2434"]
[BlackElo "1845"]
[Result "1-0"]
[PlyCount "93"]
[EventDate "2012.07.25"]

1. d4 d5 2. Nf3 Nf6 3. c4 e6 4. g3 c5 5. Bg2 Nc6 6. O-O Be7 7. dxc5 Bxc5 8. a3
a6 9. b4 Be7 10. Bb2 O-O 11. Nbd2 dxc4 12. Nxc4 Bd7 13. Rc1 Rc8 14. Qb3 b5 15.
Nce5 Qb6 16. Nxd7 Nxd7 17. Rc2 Bf6 18. Rfc1 Bxb2 19. Qxb2 Ne7 20. Qd4 Qxd4 21.
Nxd4 Rxc2 22. Rxc2 Nd5 23. Rc6 N5b6 24. Rd6 Rc8 25. Bb7 Rc1+ 26. Kg2 g6 27.
Bxa6 Kf8 28. Bxb5 Ke7 29. Rc6 Ra1 30. Rc3 Nd5 31. Rb3 N7b6 32. e4 Nc7 33. Rc3
Nxb5 34. Nxb5 Na4 35. Rc7+ Kf6 36. f4 g5 37. fxg5+ Kxg5 38. Rxf7 Kg6 39. Rf3
Re1 40. Nc3 Nxc3 41. Rxc3 Rxe4 42. Kf3 Re1 43. Re3 Rf1+ 44. Kg2 Rf6 45. b5 Kf7
46. b6 e5 47. Rb3 1-0

[Event "III Festival Terre degli Elimi A"]
[Site "Erice ITA"]
[Date "2012.07.25"]
[Round "1"]
[White "Bertino, Giacomo"]
[Black "D'Eredita', Elena"]
[WhiteElo "1987"]
[BlackElo "1634"]
[Result "0-1"]
[PlyCount "46"]
[EventDate "2012.07.25"]

1. e4 d5 2. d4 dxe4 3. Nc3 Nf6 4. f3 exf3 5. Nxf3 e6 6. Bg5 Be7 7. Bc4 Nc6 8.
O-O O-O 9. Qd2 b6 10. a3 Bb7 11. b4 a6 12. Rad1 Nd5 13. Ne4 Bxg5 14. Nfxg5 h6
15. Nh3 Nce7 16. Bd3 Nf5 17. c4 Nde3 18. d5 Nxd1 19. Rxf5 exf5 20. Ng3 f4 21.
Qxf4 Qe7 22. Nf5 Qe1+ 23. Bf1 Bc8 0-1

[Event "III Festival Terre degli Elimi A"]
[Site "Erice ITA"]
[Date "2012.07.25"]
[Round "1"]
[White "Bifulco, Michel"]
[Black "Galante, Benedetto"]
[WhiteElo "2040"]
[BlackElo "1657"]
[Result "1-0"]
[PlyCount "63"]
[EventDate "2012.07.25"]

1. d4 b6 2. e4 e6 3. c4 Bb7 4. Bd3 d6 5. Nc3 g6 6. Nge2 Bg7 7. O-O c5 8. d5 Ne7
9. dxe6 fxe6 10. Nf4 Qc8 11. Qg4 O-O 12. Qxe6+ Qxe6 13. Nxe6 Rc8 14. Nb5 Nbc6
15. Nxd6 Rcb8 16. Bf4 Be5 17. Bg3 Bxb2 18. Rad1 Bc8 19. Nc7 Nb4 20. Nxa8 Rxa8
21. e5 Be6 22. Be2 Bd4 23. Nb5 Nf5 24. Nc7 Nxg3 25. hxg3 Rf8 26. Nxe6 Re8 27.
Nxd4 Rxe5 28. f4 Re4 29. Nc6 Nxc6 30. Bf3 Re6 31. Bd5 Kf7 32. Rfe1 1-0

[Event "III Festival Terre degli Elimi A"]
[Site "Erice ITA"]
[Date "2012.07.25"]
[Round "1"]
[White "Brunello, Marina"]
[Black "Cannella, Simone"]
[WhiteElo "2240"]
[BlackElo "1800"]
[Result "1-0"]
[PlyCount "65"]
[EventDate "2012.07.25"]

1. e4 Nc6 2. Nf3 e6 3. d4 d5 4. e5 Nge7 5. c3 b6 6. Bd3 Bb7 7. O-O Qd7 8. Ng5
Nf5 9. Bxf5 exf5 10. e6 fxe6 11. Nxe6 Nd8 12. Ng5 Bd6 13. Re1+ Kf8 14. Qh5 g6
15. Qh4 Kg7 16. Bf4 h6 17. Nf3 Nf7 18. Bxd6 Qxd6 19. Qe7 Rae8 20. Qxe8 Rxe8 21.
Rxe8 Qd7 22. Re1 Qb5 23. b3 Kf6 24. Nbd2 Nd6 25. Ne5 c5 26. Rac1 Ne4 27. Rc2
Qa5 28. Nxe4+ fxe4 29. Rd1 cxd4 30. cxd4 b5 31. h4 Qd8 32. Rdc1 Qb6 33. Nd7+
1-0

[Event "III Festival Terre degli Elimi A"]
[Site "Erice ITA"]
[Date "2012.07.25"]
[Round "1"]
[White "Calamia, Gianpaolo"]
[Black "Gangemi, Salvatore"]
[WhiteElo "1660"]
[BlackElo "2048"]
[Result "1-0"]
[PlyCount "98"]
[EventDate "2012.07.25"]

1. e4 d5 2. exd5 Nf6 3. d4 Nxd5 4. c4 Nb6 5. Nc3 Nc6 6. Be3 Bf5 7. Rc1 e6 8. h3
Be7 9. Nf3 O-O 10. Be2 Bf6 11. O-O Re8 12. Qd2 Bg6 13. Rfd1 Re7 14. c5 Nd5 15.
Nxd5 exd5 16. Bd3 Be4 17. Bxe4 dxe4 18. Ne1 Rd7 19. Nc2 Qe8 20. d5 Rad8 21. Nb4
Ne5 22. Qc2 a5 23. c6 bxc6 24. Nxc6 Nxc6 25. Qxc6 Bxb2 26. Rc5 Ba3 27. Rxa5 Bd6
28. Bc5 Qe5 29. Bxd6 Qxd6 30. Qc4 Qe5 31. Rc5 e3 32. fxe3 Qxe3+ 33. Kh1 Qg3 34.
Qd3 Qe5 35. a4 g6 36. a5 Ra8 37. Qb5 Qe8 38. Rdc1 Rdd8 39. Qxe8+ Rxe8 40. Ra1
Red8 41. Rxc7 Rxd5 42. a6 Kg7 43. Rb7 h5 44. a7 Rdd8 45. Rab1 Rd6 46. Rf1 Rf6
47. Ra1 Rd6 48. Rb8 Rd8 49. Rxd8 Rxd8 1-0

[Event "III Festival Terre degli Elimi A"]
[Site "Erice ITA"]
[Date "2012.07.25"]
[Round "1"]
[White "Castelli, Giovanni J."]
[Black "Ljubisavljevic, Zivojin Z."]
[WhiteElo "1805"]
[BlackElo "2246"]
[Result "0-1"]
[PlyCount "98"]
[EventDate "2012.07.25"]

1. c4 e5 2. Nc3 f5 3. g3 Nf6 4. Bg2 Bb4 5. Nf3 Bxc3 6. bxc3 Nc6 7. O-O O-O 8.
d3 d6 9. a4 a5 10. Qb3 Kh8 11. d4 e4 12. Ne1 b6 13. Ba3 Qe8 14. e3 Qh5 15. c5
bxc5 16. dxc5 d5 17. Nc2 Rb8 18. Qa2 Ba6 19. Nd4 Nxd4 20. cxd4 Bxf1 21. Rxf1 c6
22. Bc1 Qf7 23. Bd2 Qa7 24. Rc1 Rb7 25. Bf1 Rfb8 26. Rc2 Rb1 27. Kg2 R1b7 28.
h3 g5 29. Be2 h5 30. Bc3 f4 31. Bf1 f3+ 32. Kg1 h4 33. g4 Rb1 34. Rb2 R1xb2 35.
Bxb2 Kg7 36. Bc3 Kg6 37. Kh2 Qb7 38. Bxa5 Qb1 39. Qxb1 Rxb1 40. Ba6 Ra1 41. Bb7
Rxa4 42. Bd8 Ra2 43. Bxc6 Rxf2+ 44. Kg1 Re2 45. Bxf6 Kxf6 46. Bxd5 Rxe3 47. Bb7
Ke7 48. Ba6 Rd3 49. Bxd3 exd3 0-1

[Event "III Festival Terre degli Elimi A"]
[Site "Erice ITA"]
[Date "2012.07.25"]
[Round "1"]
[White "Dagnino, Marcello"]
[Black "Melograni, Francesco"]
[WhiteElo "1488"]
[BlackElo "1889"]
[Result "0-1"]
[PlyCount "46"]
[EventDate "2012.07.25"]

1. e4 e5 2. Nf3 d5 3. h3 dxe4 4. Nxe5 Bc5 5. Qe2 Nf6 6. c3 O-O 7. b4 Bxb4 8.
Nc4 Bc5 9. Ne3 Nc6 10. Ba3 Ne5 11. Qb5 Bxa3 12. Nxa3 Re8 13. Be2 c6 14. Qb1 b5
15. f4 exf3 16. gxf3 Qd6 17. Kf2 Qxa3 18. Qb4 Qxb4 19. cxb4 Nh5 20. Ng2 Ng6 21.
Ne3 Ngf4 22. h4 Nxe2 23. Kxe2 Ng3+ 0-1

[Event "III Festival Terre degli Elimi A"]
[Site "Erice ITA"]
[Date "2012.07.25"]
[Round "1"]
[White "Epishin, Vladimir V."]
[Black "Wallace, Mitchel"]
[WhiteElo "2567"]
[BlackElo "1852"]
[Result "1-0"]
[PlyCount "35"]
[EventDate "2012.07.25"]

1. d4 d6 2. Nf3 Nf6 3. c4 Nbd7 4. Nc3 c6 5. Bf4 Qa5 6. Qc2 e5 7. Bg3 Be7 8. e3
h6 9. Be2 O-O 10. h3 Nh5 11. Bh2 f5 12. g4 fxg4 13. hxg4 e4 14. Nd2 Nhf6 15.
Ndxe4 Nxe4 16. Qxe4 Nf6 17. Qxe7 Qb4 18. Bxd6 1-0

[Event "III Festival Terre degli Elimi A"]
[Site "Erice ITA"]
[Date "2012.07.25"]
[Round "1"]
[White "Ferro, Ferruccio"]
[Black "Fabiano, Giuseppe"]
[WhiteElo "1714"]
[BlackElo "2113"]
[Result "0-1"]
[PlyCount "34"]
[EventDate "2012.07.25"]

1. b3 Nf6 2. e3 d6 3. Bb2 Nbd7 4. Nf3 g6 5. c4 Bg7 6. d4 O-O 7. Nbd2 e5 8. Bd3
Re8 9. Qc2 Qe7 10. Ng5 h6 11. Nge4 Nxe4 12. Bxe4 exd4 13. O-O Nc5 14. exd4 Nxe4
15. Rae1 Bf5 16. Qc1 Qg5 17. f4 Qh5 0-1

[Event "III Festival Terre degli Elimi A"]
[Site "Erice ITA"]
[Date "2012.07.25"]
[Round "1"]
[White "Gelardi, Davide"]
[Black "Ganci, Fabrizio"]
[WhiteElo "1731"]
[BlackElo "2156"]
[Result "1-0"]
[PlyCount "149"]
[EventDate "2012.07.25"]

1. Nf3 d5 2. b3 Bg4 3. Bb2 Nd7 4. d3 Ngf6 5. Nbd2 e6 6. g3 Bc5 7. Bg2 O-O 8.
O-O Qe7 9. c4 c6 10. d4 Ba3 11. Bxa3 Qxa3 12. Re1 Rfd8 13. Qc1 Qe7 14. Nf1 e5
15. dxe5 Nxe5 16. Qc3 Ng6 17. h3 Bxf3 18. exf3 Qc5 19. Rac1 d4 20. Qd2 a5 21.
f4 Qb4 22. Qd3 a4 23. Nd2 axb3 24. axb3 c5 25. f5 Nf8 26. Ne4 Nxe4 27. Bxe4 Nd7
28. g4 Ra3 29. Rb1 Re8 30. Red1 Ne5 31. Qc2 Qb6 32. Kg2 Nc6 33. Qb2 Raa8 34.
Bf3 Nb4 35. Qd2 Qc7 36. h4 Ra2 37. Qg5 Qe7 38. Re1 Qf8 39. Rxe8 Qxe8 40. f6 Qf8
41. fxg7 Qxg7 42. Qxc5 Nd3 43. Qc8+ Qf8 44. Bxb7 Nxf2 45. Kf3 Nd3 46. Qxf8+
Kxf8 47. b4 Ne5+ 48. Ke4 Nxc4 49. Kxd4 Nd6 50. Bc6 Ke7 51. b5 Rc2 52. Re1+ Kf6
53. Kd5 Nc4 54. Re4 Nb6+ 55. Kd6 Nc8+ 56. Kc7 Na7 57. Kb7 Nxb5 58. Bxb5 Rh2 59.
h5 Kg5 60. Bd7 Rd2 61. Kc8 h6 62. Kd8 Rd6 63. Ke7 Rd5 64. Bf5 f6 65. Rb4 Ra5
66. Rb8 Ra7+ 67. Bd7 f5 68. Rg8+ Kh4 69. gxf5 Ra6 70. f6 Rxf6 71. Kxf6 Kxh5 72.
Kf5 Kh4 73. Kf4 h5 74. Bc6 Kh3 75. Rg1 1-0

[Event "III Festival Terre degli Elimi A"]
[Site "Erice ITA"]
[Date "2012.07.25"]
[Round "1"]
[White "Grasso, Gaetano"]
[Black "Meo, Antonino"]
[WhiteElo "2032"]
[BlackElo "1646"]
[Result "1/2-1/2"]
[PlyCount "48"]
[EventDate "2012.07.25"]

1. b4 e5 2. Bb2 Bxb4 3. Bxe5 Nf6 4. c4 Nc6 5. Bb2 O-O 6. e3 Re8 7. Nf3 d5 8.
cxd5 Nxd5 9. Be2 Bg4 10. O-O Qd6 11. d4 Qh6 12. h3 Bxh3 13. gxh3 Qxh3 14. Ng5
Qh4 15. Nxf7 Kxf7 16. Bf3 Qg5+ 17. Bg2 Rad8 18. Nd2 Bxd2 19. Qxd2 Re6 20. f4
Qg4 21. Rae1 Nf6 22. f5 Ree8 23. Qd3 Nb4 24. Qb3+ Nbd5 1/2-1/2

[Event "III Festival Terre degli Elimi A"]
[Site "Erice ITA"]
[Date "2012.07.25"]
[Round "1"]
[White "La Franca, Vincenzo"]
[Black "Campo, Renato"]
[WhiteElo "1637"]
[BlackElo "2000"]
[Result "0-1"]
[PlyCount "56"]
[EventDate "2012.07.25"]

1. d4 Nf6 2. Nf3 g6 3. Nc3 d5 4. Bf4 c6 5. e3 Bg7 6. Be2 Nbd7 7. Qd2 Nh5 8. Bg5
h6 9. Bh4 g5 10. Bg3 Nxg3 11. hxg3 b5 12. a3 Rb8 13. b3 e5 14. dxe5 Nxe5 15.
Nd4 Qf6 16. O-O Bd7 17. Bh5 O-O 18. f4 gxf4 19. exf4 Nc4 20. bxc4 Qxd4+ 21.
Qxd4 Bxd4+ 22. Kh1 Bxc3 23. Rab1 bxc4 24. Rbd1 Rfe8 25. Kh2 Bf5 26. Bf3 Bxc2
27. Rc1 Bd3 28. Rfd1 Bb2 0-1

[Event "III Festival Terre degli Elimi A"]
[Site "Erice ITA"]
[Date "2012.07.25"]
[Round "1"]
[White "Lo Piccolo, Antonino"]
[Black "Galante, Carlotta"]
[WhiteElo "1862"]
[BlackElo "1419"]
[Result "1-0"]
[PlyCount "71"]
[EventDate "2012.07.25"]

1. e4 c5 2. Nf3 d6 3. d4 cxd4 4. Nxd4 Nf6 5. Nc3 a6 6. Be2 e6 7. O-O Be7 8. f4
Nbd7 9. Kh1 Qc7 10. Bf3 O-O 11. Qe1 Rb8 12. a4 b6 13. e5 dxe5 14. Nc6 Qd6 15.
fxe5 Nxe5 16. Qxe5 Qxe5 17. Nxe5 Bd7 18. Bg5 h6 19. Bxf6 Bxf6 20. Nxd7 Rfd8 21.
Nxb8 Rxb8 22. Rfd1 Rc8 23. Rd3 b5 24. axb5 axb5 25. Ra8 Rxa8 26. Bxa8 b4 27.
Na4 Kf8 28. c4 bxc3 29. Nxc3 Ke8 30. b4 Bd8 31. Bc6+ Ke7 32. Rd7+ Ke8 33. Ne4
Be7 34. b5 f5 35. b6 fxe4 36. b7 1-0

[Event "III Festival Terre degli Elimi A"]
[Site "Erice ITA"]
[Date "2012.07.25"]
[Round "1"]
[White "Mancuso, Fabrizio"]
[Black "Cannella, Carlo"]
[WhiteElo "1630"]
[BlackElo "1950"]
[Result "1/2-1/2"]
[PlyCount "73"]
[EventDate "2012.07.25"]

1. d4 d5 2. Nf3 Nf6 3. e3 c6 4. Bd3 Bg4 5. Nbd2 Nbd7 6. h3 Bh5 7. c3 Qc7 8. e4
Bg6 9. Qe2 dxe4 10. Nxe4 Nxe4 11. Bxe4 Bxe4 12. Qxe4 e6 13. Bf4 Bd6 14. Bxd6
Qxd6 15. O-O O-O 16. Rfe1 c5 17. Rad1 Qc7 18. Ne5 Rad8 19. Nxd7 Rxd7 20. Qe5
Qxe5 21. Rxe5 cxd4 22. Rxd4 Rfd8 23. Ree4 Rxd4 24. Rxd4 Rxd4 25. cxd4 Kf8 26.
Kf1 Ke7 27. Ke2 Kd6 28. Ke3 Kd5 29. Kd3 f5 30. f4 h5 31. h4 b5 32. b4 a6 33. a3
Kc6 34. Kc3 Kd6 35. Kd2 Kc6 36. Ke3 Kd5 37. Kd3 1/2-1/2

[Event "III Festival Terre degli Elimi A"]
[Site "Erice ITA"]
[Date "2012.07.25"]
[Round "1"]
[White "Marzaduri, Riccardo"]
[Black "Sammalvuo, Tapani"]
[WhiteElo "1846"]
[BlackElo "2472"]
[Result "0-1"]
[PlyCount "66"]
[EventDate "2012.07.25"]

1. e4 c5 2. d4 cxd4 3. Nf3 d6 4. Nxd4 Nf6 5. Nc3 a6 6. Be3 Ng4 7. Qd2 Nxe3 8.
Qxe3 e6 9. Bc4 Be7 10. O-O O-O 11. f4 Nc6 12. Nf3 Qc7 13. Bd3 Na5 14. Kh1 b5
15. Ne2 Nc4 16. Bxc4 Qxc4 17. c3 Bb7 18. Ng3 Rac8 19. Nd2 Qc7 20. Rac1 Rfd8 21.
Nb3 Bf8 22. Qe2 e5 23. f5 f6 24. Qg4 d5 25. Nh5 Qf7 26. Na5 Ba8 27. exd5 Rxd5
28. Nb3 Rd3 29. Rcd1 Rc4 30. Qe2 Rxd1 31. Rxd1 Re4 32. Qd3 Qxh5 33. Qd8 Rh4 0-1

[Event "III Festival Terre degli Elimi A"]
[Site "Erice ITA"]
[Date "2012.07.25"]
[Round "1"]
[White "Messina, Damiano"]
[Black "Ferrante, Filippo"]
[WhiteElo "1939"]
[BlackElo "1583"]
[Result "1-0"]
[PlyCount "83"]
[EventDate "2012.07.25"]

1. Nf3 e6 2. d4 d5 3. c4 Nf6 4. a3 c6 5. e3 Nbd7 6. Nc3 Bd6 7. Bd3 O-O 8. O-O
Re8 9. Qb3 Nf8 10. e4 dxe4 11. Nxe4 Nxe4 12. Bxe4 e5 13. dxe5 Bxe5 14. Nxe5
Rxe5 15. Bf3 Ng6 16. g3 Bh3 17. Rd1 Qe7 18. Be3 Re8 19. Qd3 Re6 20. Bg2 Bxg2
21. Kxg2 Ne5 22. Qd4 b6 23. c5 b5 24. b3 Qf6 25. Qf4 Qxf4 26. Bxf4 Ng6 27. Be3
h6 28. Rd7 R6e7 29. Rad1 Ne5 30. Rxe7 Rxe7 31. Rd6 Rd7 32. f4 Rxd6 33. cxd6 Nd7
34. Bxa7 Kf8 35. Kf3 f5 36. Bd4 Kf7 37. a4 g6 38. a5 Nb8 39. Be5 Ke6 40. Ke3
Kd5 41. a6 Nd7 42. a7 1-0

[Event "III Festival Terre degli Elimi A"]
[Site "Erice ITA"]
[Date "2012.07.25"]
[Round "1"]
[White "Milletari', Ruggero"]
[Black "Santagati, Alessandro"]
[WhiteElo "1796"]
[BlackElo "2230"]
[Result "1/2-1/2"]
[PlyCount "74"]
[EventDate "2012.07.25"]

1. d4 Nf6 2. c4 g6 3. Nc3 Bg7 4. e4 d6 5. Be3 c6 6. f3 Nbd7 7. Nge2 a6 8. g4 e5
9. Qd2 b5 10. Ng3 b4 11. Nce2 Nb6 12. b3 exd4 13. Bxd4 c5 14. Bb2 O-O 15. O-O-O
Ne8 16. Bxg7 Kxg7 17. h4 a5 18. h5 Qf6 19. Qb2 Qxb2+ 20. Kxb2 a4 21. Bg2 Be6
22. Nf4 Ra6 23. Nd5 Bxd5 24. exd5 Nf6 25. h6+ Kg8 26. g5 Nh5 27. Nxh5 gxh5 28.
f4 Rfa8 29. Ra1 f6 30. Bf3 fxg5 31. fxg5 Rf8 32. Raf1 Rfa8 33. Ra1 h4 34. Bg4
Kf7 35. Bf5 Kg8 36. Rhf1 axb3 37. axb3 Rxa1 1/2-1/2

[Event "III Festival Terre degli Elimi A"]
[Site "Erice ITA"]
[Date "2012.07.25"]
[Round "1"]
[White "Palazzotto, Giuseppe"]
[Black "Todaro, Adriano"]
[WhiteElo "1893"]
[BlackElo "1550"]
[Result "1-0"]
[PlyCount "47"]
[EventDate "2012.07.25"]

1. d4 Nf6 2. c4 e6 3. Nc3 Bb4 4. Qc2 Nc6 5. Nf3 d6 6. a3 Bxc3+ 7. bxc3 b6 8. e4
e5 9. Bd3 Ba6 10. O-O h6 11. h3 Nh5 12. Re1 O-O 13. Be3 Qf6 14. Qd2 Na5 15. c5
Nb3 16. Qd1 Bxd3 17. Qxb3 bxc5 18. dxe5 Qg6 19. Qd1 Bxe4 20. Nh4 Qe6 21. Qxh5
f5 22. exf6 Rxf6 23. Qg4 Qf7 24. Qxe4 1-0

[Event "III Festival Terre degli Elimi A"]
[Site "Erice ITA"]
[Date "2012.07.25"]
[Round "1"]
[White "Piazza, Francesco"]
[Black "Rizza, Francesco"]
[WhiteElo "1655"]
[BlackElo "2039"]
[Result "0-1"]
[PlyCount "74"]
[EventDate "2012.07.25"]

1. d4 Nf6 2. Nf3 e6 3. Nbd2 c5 4. e3 Nc6 5. c3 d5 6. Bd3 Be7 7. O-O O-O 8. Re1
b6 9. b3 cxd4 10. exd4 Bb7 11. Bb2 Rc8 12. h3 g6 13. Nh2 Nh5 14. Ndf3 Bf6 15.
Ng4 Bg7 16. Qd2 Qc7 17. Bf1 Nf6 18. Nxf6+ Bxf6 19. Qh6 Bg7 20. Qh4 e5 21. Ba3
Rfe8 22. Bb5 e4 23. Nh2 Re6 24. Bc1 Nd8 25. Ng4 a6 26. Be2 f5 27. Nh6+ Kh8 28.
Bg5 Re8 29. g4 f4 30. f3 Ne6 31. Bf6 Rf8 32. Be7 Bxh6 33. Bxf8 Bxf8 34. fxe4
dxe4 35. Bc4 Ng7 36. Qf6 f3 37. Rac1 Qg3+ 0-1

[Event "III Festival Terre degli Elimi A"]
[Site "Erice ITA"]
[Date "2012.07.25"]
[Round "1"]
[White "Savalla, Gianluca"]
[Black "Bocci, Alessandro"]
[WhiteElo "1572"]
[BlackElo "1905"]
[Result "0-1"]
[PlyCount "138"]
[EventDate "2012.07.25"]

1. d4 Nf6 2. Nf3 g6 3. Nbd2 Bg7 4. e4 d6 5. Bd3 O-O 6. c3 c5 7. O-O cxd4 8.
cxd4 b6 9. Re1 Bb7 10. d5 Nbd7 11. Rb1 Rc8 12. b3 Qc7 13. Bb2 Qb8 14. Rc1 Nc5
15. Be2 Ba6 16. Nd4 Bd3 17. Nc6 Qb7 18. f3 Rfe8 19. Nb4 Bxe2 20. Rxe2 a5 21.
Nc6 Nd3 22. Bxf6 Bxf6 23. Rc2 Ne5 24. Nxe5 Bxe5 25. Nc4 Bg7 26. Qd2 b5 27. Nxa5
Rxc2 28. Qxc2 Qb6+ 29. Rf2 Qxa5 30. Kf1 Qc3 31. Qd1 Rc8 32. g3 Qc1 33. Qxc1
Rxc1+ 34. Kg2 Rb1 35. f4 Rb2 36. Rxb2 Bxb2 37. Kf3 Bd4 38. Ke2 Kf8 39. h3 Ke8
40. Kd3 Bf2 41. g4 Kd7 42. a4 bxa4 43. bxa4 Kc7 44. Kc4 Kb6 45. Kb3 e6 46. Kc4
Be3 47. dxe6 fxe6 48. f5 exf5 49. gxf5 gxf5 50. exf5 Kc6 51. f6 Bh6 52. a5 Bf8
53. h4 h5 54. f7 Be7 55. Kb4 Kb7 56. Kc4 Ka6 57. Kb4 Bf8 58. Ka4 d5 59. Kb3
Kxa5 60. Kc3 Kb6 61. Kd4 Kc6 62. Kc3 Kc5 63. Kd3 d4 64. Kd2 Kd5 65. Kd3 Bh6 66.
Ke2 Kc4 67. Ke1 Kc3 68. Kd1 Kd3 69. Ke1 Kc2 0-1

[Event "III Festival Terre degli Elimi A"]
[Site "Erice ITA"]
[Date "2012.07.25"]
[Round "1"]
[White "Savalla, Pietro"]
[Black "Guramishvili, Sopiko"]
[WhiteElo "1834"]
[BlackElo "2400"]
[Result "0-1"]
[PlyCount "94"]
[EventDate "2012.07.25"]

1. d4 Nf6 2. Nf3 d5 3. e3 c6 4. Bd3 Bg4 5. Nbd2 Nbd7 6. O-O e5 7. dxe5 Nxe5 8.
Be2 Nxf3+ 9. Bxf3 Bxf3 10. Qxf3 Bd6 11. e4 O-O 12. exd5 cxd5 13. c3 Qe7 14. h3
Rae8 15. Nb3 Ne4 16. Be3 f5 17. Rad1 f4 18. Bd4 b6 19. Nd2 Qf7 20. Qd3 Re6 21.
Rfe1 Rfe8 22. f3 Ng3 23. Rxe6 Rxe6 24. Nf1 Nf5 25. Bf2 Re5 26. Qd2 Qe6 27. Re1
Bc5 28. Rxe5 Qxe5 29. Nh2 h5 30. Nf1 a5 31. Bxc5 bxc5 32. Kf2 d4 33. c4 a4 34.
Qd1 Qe8 35. Qd3 Ne3 36. g3 Nxf1 37. Kxf1 fxg3 38. Qf5 Qe3 39. Qd5+ Kh7 40.
Qxh5+ Qh6 41. Qg4 Qc1+ 42. Kg2 Qxb2+ 43. Kxg3 Qb8+ 44. Kg2 Qe5 45. Qh4+ Kg6 46.
Kf2 Qe3+ 47. Kg2 Qg5+ 0-1

[Event "III Festival Terre degli Elimi A"]
[Site "Erice ITA"]
[Date "2012.07.25"]
[Round "1"]
[White "Valguarnera, Girolamo"]
[Black "Spina, Simonpietro"]
[WhiteElo "2118"]
[BlackElo "1730"]
[Result "1-0"]
[PlyCount "105"]
[EventDate "2012.07.25"]

1. e4 d6 2. d4 Nf6 3. Nc3 g6 4. Be2 Bg7 5. Nf3 O-O 6. O-O e5 7. dxe5 dxe5 8.
Qxd8 Rxd8 9. Bg5 Re8 10. h3 c6 11. a4 Nbd7 12. Be3 Nf8 13. a5 Ne6 14. Nxe5 Nxe4
15. Nxe4 Bxe5 16. a6 Nc7 17. axb7 Bxb7 18. Nc5 Bc8 19. Bf3 Nd5 20. Bc1 Bd4 21.
Na6 Bxa6 22. Rxa6 Bb6 23. Ra4 Rad8 24. Rc4 c5 25. Bg5 Rd7 26. Kh2 Kg7 27. Rd1
Re5 28. Bf4 Rf5 29. g4 Rxf4 30. Rxf4 Bc7 31. Bxd5 Bxf4+ 32. Kg2 Kf6 33. Kf3 g5
34. h4 h6 35. h5 c4 36. Ke4 Re7+ 37. Kd4 Re2 38. Ra1 Rxc2 39. Ra6+ Kg7 40. Rxa7
Rd2+ 41. Kxc4 Rxb2 42. Rxf7+ Kh8 43. Rf8+ Kg7 44. Rg8+ Kf6 45. Rg6+ Ke7 46.
Rxh6 Rxf2 47. Re6+ Kd7 48. h6 Rc2+ 49. Kd4 Rd2+ 50. Ke4 Rh2 51. Kf5 Rd2 52. Bc4
Rh2 53. Bb5+ 1-0

[Event "III Festival Terre degli Elimi A"]
[Site "Erice ITA"]
[Date "2012.07.25"]
[Round "1"]
[White "Van Veenendaal, Elmer"]
[Black "Monaco, Alessandro"]
[WhiteElo "2096"]
[BlackElo "1700"]
[Result "1-0"]
[PlyCount "97"]
[EventDate "2012.07.25"]

1. d4 d5 2. c4 e6 3. Nc3 a6 4. e3 Nf6 5. Nf3 dxc4 6. Bxc4 c5 7. a4 Nc6 8. O-O
b6 9. Qe2 Bb7 10. Rd1 Qc7 11. d5 exd5 12. Nxd5 Nxd5 13. Bxd5 Bd6 14. e4 O-O 15.
e5 Be7 16. Qe4 Nd8 17. Ng5 Bxg5 18. Bxg5 Bxd5 19. Rxd5 Ne6 20. Be3 Qc6 21. Rad1
Nc7 22. R5d4 Qxe4 23. Rxe4 Rad8 24. Rd6 Rxd6 25. exd6 Ne6 26. f4 g6 27. g4 Rd8
28. f5 gxf5 29. gxf5 Ng7 30. f6 Ne6 31. b4 cxb4 32. Rxb4 Rxd6 33. Bxb6 Rd5 34.
Be3 h5 35. Rb6 Ra5 36. Rb4 Kh7 37. Bd2 Nc5 38. Rc4 Rxa4 39. Rxc5 Kg6 40. Bc3
Ra2 41. h4 Ra4 42. Rg5+ Kh6 43. Bd2 Kh7 44. Rg7+ Kh8 45. Bg5 Ra1+ 46. Kf2 a5
47. Rxf7 Kg8 48. Ra7 a4 49. f7+ 1-0

[Event "III Festival Terre degli Elimi A"]
[Site "Erice ITA"]
[Date "2012.07.26"]
[Round "2"]
[White "Bocci, Alessandro"]
[Black "Amato, Andrea"]
[WhiteElo "1905"]
[BlackElo "2263"]
[Result "1/2-1/2"]
[PlyCount "60"]
[EventDate "2012.07.25"]

1. d4 d5 2. c4 dxc4 3. Nf3 Nf6 4. e3 e6 5. Bxc4 c5 6. O-O a6 7. Bb3 b5 8. dxc5
Qxd1 9. Rxd1 Bxc5 10. a4 b4 11. Nbd2 a5 12. Bc2 Bb7 13. b3 Nbd7 14. Bb2 Ke7 15.
Nc4 Nb6 16. Nxb6 Bxb6 17. Ne5 Rhd8 18. Nc4 Bc7 19. Rxd8 Rxd8 20. Rd1 Rd5 21.
Rxd5 Bxd5 22. Bd4 Bxc4 23. Bxf6+ Kxf6 24. bxc4 h6 25. h3 Ke5 26. Kf1 f5 27. Ke2
f4 28. Kd3 Bb6 29. Bd1 g5 30. Bc2 Bc5 1/2-1/2

[Event "III Festival Terre degli Elimi A"]
[Site "Erice ITA"]
[Date "2012.07.26"]
[Round "2"]
[White "Calamia, Gianpaolo"]
[Black "Lo Piccolo, Antonino"]
[WhiteElo "1660"]
[BlackElo "1862"]
[Result "1-0"]
[PlyCount "69"]
[EventDate "2012.07.25"]

1. e4 e5 2. Nf3 Nc6 3. Bc4 Nf6 4. d4 exd4 5. O-O Bc5 6. e5 d5 7. exf6 dxc4 8.
Re1+ Be6 9. Ng5 Qxf6 10. Nxe6 fxe6 11. Qh5+ Kd7 12. Qxc5 Rhf8 13. Rf1 Rae8 14.
Qxc4 Kc8 15. Nd2 Qg6 16. f3 h5 17. Ne4 Ne5 18. Qe2 h4 19. h3 Rf5 20. Kh1 Ref8
21. Bg5 Rxg5 22. Nxg5 Qxg5 23. Rae1 Nc6 24. Qxe6+ Kb8 25. Qg4 Qh6 26. Re6 Qh7
27. Qe4 Qh5 28. Re1 Rd8 29. Re8 Qa5 30. Rxd8+ Nxd8 31. Qxh4 Qd5 32. Re8 Kc8 33.
Qg4+ Kb8 34. Qxg7 c5 35. Qe5+ 1-0

[Event "III Festival Terre degli Elimi A"]
[Site "Erice ITA"]
[Date "2012.07.26"]
[Round "2"]
[White "Campo, Renato"]
[Black "Batsiashvili, Nino"]
[WhiteElo "2000"]
[BlackElo "2434"]
[Result "0-1"]
[PlyCount "112"]
[EventDate "2012.07.25"]

1. d4 d5 2. Nc3 c6 3. f3 Nf6 4. e4 dxe4 5. fxe4 e5 6. Nf3 exd4 7. Qxd4 Qxd4 8.
Nxd4 Nbd7 9. Bd3 Ne5 10. Bf4 Ng6 11. Bg5 Ng4 12. h3 h6 13. Bd2 N4e5 14. O-O-O
Bd7 15. Be2 Be7 16. Nf5 O-O 17. h4 Bxf5 18. exf5 Nxh4 19. Bf4 Rfe8 20. g3 Nxf5
21. Bxe5 Bg5+ 22. Bf4 Nxg3 23. Bxg5 Nxh1 24. Bh4 g5 25. Rxh1 gxh4 26. Rxh4 Re6
27. Ne4 Rae8 28. Bd3 b6 29. Ng3 Rf6 30. Nf5 Ree6 31. Rd4 Kf8 32. Rd8+ Re8 33.
Rd7 a5 34. Nd6 Ree6 35. Nf5 b5 36. a4 bxa4 37. Ra7 Re8 38. Rxa5 Rd8 39. Kd2 Ke8
40. Ne3 Rd4 41. Kc3 Rdf4 42. Nc4 Ke7 43. Rxa4 h5 44. Ra7+ Kf8 45. Ne5 Kg7 46.
Rc7 h4 47. Ra7 Re6 48. Nc4 h3 49. Ra1 h2 50. Rh1 Rf2 51. Nd2 Rh6 52. Be4 f5 53.
Bf3 Rh3 54. Kd3 Rg2 55. Re1 Rg1 56. Ke2 Rxe1+ 0-1

[Event "III Festival Terre degli Elimi A"]
[Site "Erice ITA"]
[Date "2012.07.26"]
[Round "2"]
[White "Cannella, Carlo"]
[Black "Grasso, Gaetano"]
[WhiteElo "1950"]
[BlackElo "2032"]
[Result "0-1"]
[PlyCount "68"]
[EventDate "2012.07.25"]

1. e4 Nf6 2. e5 Nd5 3. d4 d6 4. c4 Nb6 5. Nf3 Bg4 6. Be2 e6 7. O-O Be7 8. Nc3
O-O 9. h3 Bh5 10. Bf4 Nc6 11. b3 a5 12. a4 d5 13. c5 Nd7 14. Nb5 Nb4 15. Bd2
Nb8 16. Bxb4 axb4 17. Ne1 Bg6 18. Nd3 Nc6 19. Rc1 Qd7 20. Qd2 f6 21. f4 Be4 22.
Nxb4 Na5 23. Qc3 fxe5 24. fxe5 Bg5 25. Rxf8+ Rxf8 26. Rf1 Rxf1+ 27. Bxf1 Qf7
28. Qg3 Bd2 29. Nd3 Nxb3 30. Nf2 Nc1 31. Nc3 Bg6 32. Ng4 h5 33. Nb1 Bf4 34.
Nf6+ Qxf6 0-1